[Event "Indywidualne Mistrzostwa Polski Juniorow do lat 16 - Chlopcy"]
[Site "Szklarska Poreba"]
[Date "1899-12-30"]
[Round "8.22"]
[White "Kucharski, Bartlomiej"]
[Black "Majdanski, Maksymilian"]
[Result "1-0"]
[WhiteTitle "I+"]
[BlackTitle "I"]
[WhiteElo "1945"]
[BlackElo "1686"]

1. f4 e5 2. fxe5 d6 3. exd6 Bxd6 4. Nf3 g5 5. g3 g4 6. Nh4 Ne7 7. d4 Ng6 8. Nxg6
hxg6 9. Bg2 Rxh2 10. Qd3 Rxh1+ 11. Bxh1 c6 12. e4 Na6 13. a3 Qa5+ 14. Bd2 Qh5
15. Bg2 Bd7 16. e5 Be7 17. Nc3 O-O-O 18. O-O-O Nc7 19. Be4 Bf5 20. Bxf5+ gxf5
21. Rf1 Ne6 22. Qxf5 Qxf5 23. Rxf5 Nxd4 24. Rxf7 Rf8 25. Rxf8+ Bxf8 26. Bf4 Kd7
27. Kd2 Ke6 28. Kd3 Nf3 29. Ke4 Ne1 30. Nd1 Nxc2 31. Nf2 c5 32. Nxg4 b5 33. Nf6
a5 34. Nd5 b4 35. axb4 Nxb4 36. Nc7+ Ke7 37. Kf5 Nd3 38. b3 Nxf4 39. gxf4 Kd7
40. Nd5 Kc6 41. Ke4 c4 42. bxc4 a4 43. Kd3 Bg7 44. Kc3 Kc5 45. Nb4 a3 46. Nd3+
Kc6 47. Kb3 Bf8 48. f5 Kd7 49. c5 Bg7 50. Kxa3 1-0

[Event "Indywidualne Mistrzostwa Polski Juniorow do lat 16 - Chlopcy"]
[Site "Szklarska Poreba"]
[Date "1899-12-30"]
[Round "8.23"]
[White "Bartoszewski-reiski, Olaf"]
[Black "Pelka, Michal"]
[Result "0-1"]
[WhiteTitle "I+"]
[BlackTitle "I"]
[WhiteElo "1707"]
[BlackElo "1745"]

1. e4 c5 2. Nf3 Nc6 3. d4 cxd4 4. Nxd4 Nf6 5. Nc3 g6 6. Nxc6 bxc6 7. e5 Ng8 8.
Bc4 Qa5 9. Qe2 Bg7 10. Bf4 d5 11. Bb3 Ba6 12. Qf3 e6 13. O-O-O Ne7 14. Rhe1 h6
15. h4 Nf5 16. h5 g5 17. Bh2 Ne7 18. Qg4 O-O-O 19. Rd4 c5 20. Ra4 Qb6 21. a3 Bb7
22. Qe2 a6 23. Rg4 c4 24. Ba4 Bc6 25. Bxc6 Nxc6 26. f4 Kc7 27. Bg1 Qa5 28. Nd1
d4 29. c3 d3 30. Qd2 Bf8 31. Re4 Qa4 32. b4 Qxa3+ 33. Qb2 Qa4 34. Kd2 Qb5 35.
Ne3 a5 36. Nxc4 Rb8 37. Nd6 Bxd6 38. exd6+ Kd7 39. Rg3 axb4 40. cxb4 Nxb4 41.
Qf6 Nd5 42. Qxf7+ Kc6 43. Rxe6 Qb2+ 44. Kxd3 Nxf4+ 45. Ke4 Qe2+ 46. Re3 Qc4+ 47.
Kf3 Nxe6 48. Qxe6 Rbf8+ 0-1

[Event "Indywidualne Mistrzostwa Polski Juniorow do lat 16 - Chlopcy"]
[Site "Szklarska Poreba"]
[Date "1899-12-30"]
[Round "8.24"]
[White "Musial, Tomasz"]
[Black "Gardian, Adam"]
[Result "1-0"]
[WhiteTitle "k"]
[BlackTitle "I"]
[WhiteElo "1983"]
[BlackElo "1612"]

1. d4 Nf6 2. c4 g6 3. Nf3 Bg7 4. g3 O-O 5. Bg2 d6 6. O-O Nc6 7. Nc3 e5 8. dxe5
dxe5 9. Bg5 Be6 10. Qc1 Bxc4 11. Nd2 Be6 12. Nde4 Qe7 13. f4 Nd4 14. fxe5 Nxe4
15. Bxe7 Nxc3 16. Qe3 Ncxe2+ 17. Kh1 Rab8 18. Bxf8 Bxf8 19. Rae1 Bc4 20. b3 Ba6
21. Qf2 Nf5 22. Rxe2 Bxe2 23. Qxe2 h5 24. e6 f6 25. Rxf5 1-0

[Event "Indywidualne Mistrzostwa Polski Juniorow do lat 16 - Chlopcy"]
[Site "Szklarska Poreba"]
[Date "1899-12-30"]
[Round "8.25"]
[White "Jedrusik, Adam"]
[Black "Derylo, Kamil"]
[Result "1/2-1/2"]
[WhiteTitle "I"]
[BlackTitle "I"]
[WhiteElo "1693"]
[BlackElo "1783"]

1. d4 Nf6 2. Bg5 e6 3. Nf3 h6 4. Bh4 b6 5. Nbd2 Bb7 6. e3 Be7 7. Bd3 g5 8. Bg3
g4 9. Ne5 h5 10. Rg1 d6 11. Nec4 Nbd7 12. c3 d5 13. Ne5 Nxe5 14. Bxe5 Bd6 15.
Qa4+ c6 16. Ba6 Bxa6 17. Qxa6 Bxe5 18. dxe5 Nd7 19. O-O-O Nxe5 20. f4 Nd7 21.
e4 Qc7 22. exd5 Nc5 23. Qe2 cxd5 24. f5 O-O-O 25. fxe6 Nxe6 26. Nb3 Kb8 27. Nd4
Rhe8 28. Qb5 Nxd4 29. Rxd4 Qb7 30. Rgd1 a6 31. Qd3 Re5 32. Kb1 Ka7 33. Qd2 b5
34. Rxg4 Qe7 35. Rf4 Kb7 36. Qf2 Rd7 37. Qf3 Ka7 38. a3 Qg5 1/2-1/2

[Event "Indywidualne Mistrzostwa Polski Juniorow do lat 16 - Chlopcy"]
[Site "Szklarska Poreba"]
[Date "1899-12-30"]
[Round "9.1"]
[White "Mis, Mieszko"]
[Black "Golenia, Wojciech"]
[Result "1-0"]
[WhiteTitle "FM"]
[BlackTitle "k"]
[WhiteElo "2272"]
[BlackElo "2179"]

1. d4 d6 2. c4 e5 3. d5 f5 4. Nc3 Nf6 5. e4 Be7 6. Nge2 O-O 7. exf5 Bxf5 8. Ng3
Qd7 9. Be2 Na6 10. O-O e4 11. Be3 Nc5 12. b4 Nd3 13. Nxf5 Qxf5 14. Nxe4 Nb2 15.
Nxf6+ Bxf6 16. Qb3 a5 17. bxa5 Rxa5 18. Qxb7 Qc2 19. Qxc7 Bd8 20. Qxd6 Qxe2 21.
Bc5 Rxc5 22. Qxc5 Nxc4 23. Rae1 Qxa2 24. Ra1 Qe2 25. Rfe1 Qg4 26. h3 Qf4 27. Ra8
Be7 28. Rxf8+ Bxf8 29. Qc8 Nd6 30. Qe6+ Nf7 31. Re3 g6 32. g3 Qc7 33. Rf3 Qe7
34. Qxe7 Bxe7 35. Rb3 Kg7 36. Kg2 Kf6 37. Rf3+ Kg7 38. Rb3 Kf6 39. f4 Nd6 40.
Rb6 Kf7 41. Ra6 Ne8 42. Kf3 Nc7 43. Ra5 Kf6 44. g4 Bb4 45. Ra7 Bd6 46. Ke4 h6
47. h4 h5 48. g5+ Kf7 49. f5 Bg3 50. Rb7 Kf8 51. Kf3 Bh2 52. fxg6 Ne8 53. Rh7
Ng7 54. Rh8+ Ke7 55. Ke4 Bg3 56. Rg8 Ne8 57. g7 Nd6+ 58. Kf3 Kf7 59. Rd8 1-0

[Event "Indywidualne Mistrzostwa Polski Juniorow do lat 16 - Chlopcy"]
[Site "Szklarska Poreba"]
[Date "1899-12-30"]
[Round "9.2"]
[White "Teclaf, Pawel"]
[Black "Czopor, Maciej"]
[Result "1-0"]
[WhiteTitle "CM"]
[BlackTitle "k"]
[WhiteElo "2460"]
[BlackElo "2229"]

1. e4 c5 2. Nf3 e6 3. d4 cxd4 4. Nxd4 Nf6 5. Nc3 d6 6. g4 h6 7. Rg1 Nc6 8. Be3
Bd7 9. Be2 d5 10. exd5 exd5 11. a3 Bd6 12. h4 Bh2 13. Rg2 Be5 14. Qd3 Ne4 15.
Nxe4 dxe4 16. Qxe4 O-O 17. O-O-O Re8 18. Nxc6 Bxc6 19. Rxd8 Raxd8 20. Qb4 Bxg2
21. Bd3 a6 22. g5 hxg5 23. Qg4 Bc6 24. Qxg5 Bd4 25. Bxd4 Rxd4 26. h5 Rd5 27. Qg4
Rd6 28. Qf5 Rh6 29. b3 Rd8 30. a4 Kf8 31. Kb2 Rf6 32. Qc5+ Kg8 33. f4 Rfd6 34.
Qf5 Kf8 35. Qg5 Re8 36. Qc5 Red8 37. Qg5 Re8 38. Qc5 Red8 39. Ka3 Ke8 40. Qf5
Kf8 41. Qc5 Ke8 42. b4 Rd5 43. Qc3 Kf8 44. h6 gxh6 45. Qh8+ Ke7 46. Qxh6 R8d6
47. Qh4+ Ke8 48. f5 Kd7 49. Bc4 Rd4 50. Qh7 Bd5 51. Bxd5 R4xd5 52. Qxf7+ Kc8 53.
b5 axb5 54. axb5 Rd7 55. Qe6 R5d6 56. Qc4+ Kb8 57. Qf4 Ka7 58. f6 Rb6 59. f7 Rxf7
60. Qxf7 Rxb5 61. c4 Ra5+ 62. Kb4 Ra6 63. Qf2+ Kb8 64. Kc5 Rc6+ 65. Kd5 Ra6 66.
Qf8+ Kc7 67. Qe7+ Kc8 68. Qe8+ Kc7 69. c5 Ra5 70. Qe7+ Kc8 71. Ke6 Ra6+ 72. Kf7
Kb8 73. Qd6+ Ka7 74. Ke7 Ra2 75. c6 bxc6 76. Kd7 Ra5 77. Qc7+ Ka6 78. Qxc6+ Ka7
79. Kc7 1-0

[Event "Indywidualne Mistrzostwa Polski Juniorow do lat 16 - Chlopcy"]
[Site "Szklarska Poreba"]
[Date "1899-12-30"]
[Round "9.3"]
[White "Fiedorek, Michal"]
[Black "Pniaczek, Marek"]
[Result "0-1"]
[WhiteTitle "k"]
[BlackTitle "CM"]
[WhiteElo "2049"]
[BlackElo "2168"]

1. e4 e5 2. Nf3 Nc6 3. Bc4 Bc5 4. c3 Nf6 5. d3 O-O 6. O-O d6 7. h3 h6 8. a4 a5
9. Re1 Be6 10. Nbd2 Ba7 11. Bxe6 fxe6 12. Nc4 Nh5 13. d4 Qf6 14. dxe5 Nxe5 15.
Ncxe5 dxe5 16. Qc2 Qg6 17. Kh2 Qf6 18. Kg1 Rf7 19. Be3 Nf4 20. Bxf4 Qxf4 21. Rad1
Raf8 22. Kf1 g5 23. Qd2 Qf6 24. c4 Bb6 25. Re2 Qe7 26. Qc3 Qc5 27. Rdd2 c6 28.
Qxe5 Qxc4 29. Rc2 Qa2 30. Rc1 Qb3 31. Rc3 Qd1+ 32. Re1 Qd7 33. Kg1 Rg7 34. Rcc1
h5 35. Rcd1 Qf7 36. Rd2 Bc7 37. Qd4 g4 38. hxg4 hxg4 39. Ne5 Qf4 40. Nd7 Rd8 41.
Nf6+ Kf7 42. Nd7 Kg6 43. g3 Rgxd7 44. Qxd7 Rxd7 45. Rxd7 Qe5 46. Kg2 b5 47. axb5
cxb5 0-1

[Event "Indywidualne Mistrzostwa Polski Juniorow do lat 16 - Chlopcy"]
[Site "Szklarska Poreba"]
[Date "1899-12-30"]
[Round "9.4"]
[White "Baum, Jonasz"]
[Black "Koziorowicz, Michal"]
[Result "0-1"]
[WhiteTitle "FM"]
[BlackTitle "I++"]
[WhiteElo "2290"]
[BlackElo "1919"]

1. d4 Nf6 2. c4 e5 3. dxe5 Ng4 4. Bf4 Bb4+ 5. Nd2 Nc6 6. Ngf3 Qe7 7. e3 Ngxe5 8.
Nxe5 Nxe5 9. a3 Bxd2+ 10. Qxd2 d6 11. Be2 O-O 12. O-O b6 13. Bg3 Bb7 14. b4 Nxc4
15. Bxc4 Qe4 16. f3 Qxc4 17. Rfc1 Qe6 18. Rxc7 Ba6 19. e4 Rfd8 20. Rd1 h6 21.
Qd5 Qf6 22. b5 Rac8 23. Rxc8 Bxc8 24. e5 Qg5 25. f4 Qg4 26. exd6 Be6 27. Qd2 Qf5
28. Qd3 Qxd3 29. Rxd3 Bc4 30. Rc3 Bxb5 31. f5 f6 32. Kf2 Bd7 33. Rc7 Bxf5 34.
Rxa7 Rd7 35. Ra8+ Kf7 36. Ke3 Rb7 37. Kd4 Bd7 38. Kd5 b5 39. Kc5 Ke6 40. Be1 h5
41. Ba5 h4 42. Be1 b4 43. Bxb4 Rb5+ 44. Kd4 Rg5 45. Rh8 Rg4+ 46. Ke3 Bc6 47. Rc8
Bd7 48. Rc2 Ba4 49. Re2 Bb5 50. Re1 Bc6 51. Kf2+ Re4 52. Rd1 Rf4+ 53. Kg1 Rg4
54. Rd2 Kd7 55. h3 Rc4 56. Rf2 Re4 57. Kh2 Re3 58. Rc2 f5 59. Bc5 Re4 60. g3 hxg3+
61. Kxg3 g5 62. Rc3 Re2 63. Rf3 f4+ 64. Rxf4 Rg2# 0-1

[Event "Indywidualne Mistrzostwa Polski Juniorow do lat 16 - Chlopcy"]
[Site "Szklarska Poreba"]
[Date "1899-12-30"]
[Round "9.5"]
[White "Skurniak, Szymon"]
[Black "Szczurek, Krzysztof"]
[Result "1-0"]
[WhiteTitle "I"]
[BlackTitle "FM"]
[WhiteElo "1970"]
[BlackElo "2164"]

1. e4 c5 2. Nf3 d6 3. d4 cxd4 4. Nxd4 Nf6 5. Nc3 a6 6. Qf3 e5 7. Nf5 Nc6 8. Be3
Be6 9. O-O-O h6 10. Nd5 Bxd5 11. exd5 Nb4 12. a3 e4 13. Qf4 g5 14. Qg3 Nxc2 15.
Kxc2 Qc8+ 16. Kb1 Qxf5 17. Bd4 Be7 18. Qb3 b5 19. f3 exf3+ 20. Bd3 Qf4 21. g3
Qg4 22. Rhe1 Kf8 23. Rxe7 Qxd4 24. Rxf7+ Kxf7 25. Bg6+ Kxg6 26. Rxd4 g4 27. Qc2+
Kg7 28. Qc7+ Kg6 29. Qc2+ Kg7 30. Qc7+ Kg6 31. Qxd6 h5 32. Rf4 Rhf8 33. Qe6 Rad8
34. d6 Rf7 35. Ka2 Rdd7 36. h3 gxh3 37. Qf5+ Kh6 38. Rxf3 h2 39. Qf4+ Kg6 40.
Qf5+ Kh6 41. Rf1 Ng4 42. Qe6+ Kg7 43. Rxf7+ Rxf7 44. d7 h1=Q 45. d8=Q Nf6 46.
Qd2 Kg6 47. Qe5 Nh7 48. Qd3+ Kh6 49. Qee3+ Kg7 50. Qdd4+ Kg6 51. g4 Qh4 52. Qde4+
Kg7 53. Qe5+ Qf6 54. g5 Qxe5 55. Qxe5+ Kg6 56. Qe6+ Kg7 57. Qh6+ 1-0

[Event "Indywidualne Mistrzostwa Polski Juniorow do lat 16 - Chlopcy"]
[Site "Szklarska Poreba"]
[Date "1899-12-30"]
[Round "9.6"]
[White "Trybus, Daniel"]
[Black "Sanz Wawer, Daniel"]
[Result "1/2-1/2"]
[WhiteTitle "I+"]
[BlackTitle "k"]
[WhiteElo "1914"]
[BlackElo "2146"]

1. e4 c6 2. d3 d5 3. Nd2 Nf6 4. Ngf3 e6 5. g3 Be7 6. Bg2 O-O 7. O-O Nbd7 8. e5
Ne8 9. d4 b6 10. h3 Ba6 11. Re1 c5 12. c3 Qc7 13. Nf1 cxd4 14. cxd4 Rc8 15. Ne3
b5 16. Nd2 Nb6 17. f4 g6 18. g4 b4 19. Qf3 f5 20. gxf5 gxf5 21. Kh2 Kh8 22. Rg1
Rg8 23. Nb3 Nc4 24. Nxc4 dxc4 25. Nc5 Bxc5 26. dxc5 Qxc5 27. a3 b3 28. Be3 Qe7
29. Bd4 Nc7 30. a4 Rcd8 31. Qf2 Nd5 32. Bxd5 Rxd5 33. Rxg8+ Kxg8 34. Rg1+ Kh8
35. Qg2 Rd8 36. Bc5 Qf7 37. Bd6 1/2-1/2

[Event "Indywidualne Mistrzostwa Polski Juniorow do lat 16 - Chlopcy"]
[Site "Szklarska Poreba"]
[Date "1899-12-30"]
[Round "9.7"]
[White "Suder, Jakub"]
[Black "Piekielny, Pawel"]
[Result "0-1"]
[WhiteTitle "I++"]
[BlackTitle "I++"]
[WhiteElo "1868"]
[BlackElo "2017"]

1. d4 Nf6 2. c4 e6 3. Nc3 Bb4 4. Qc2 d5 5. cxd5 exd5 6. Bg5 h6 7. Bxf6 Qxf6 8.
a3 Bxc3+ 9. Qxc3 O-O 10. e3 Bf5 11. Ne2 c6 12. Ng3 Bg6 13. Be2 Nd7 14. O-O Qe7
15. b4 a6 16. a4 Rfc8 17. Rfe1 Nf6 18. Rec1 Qd8 19. Qb2 Qb6 20. Qc3 Qd8 21. f3
a5 22. bxa5 Qxa5 23. Qb2 Ra7 24. Rc5 Qc7 25. Ra3 Nd7 26. Rc1 Qd6 27. Rb3 b6 28.
Rb4 Rca8 29. Bd1 c5 30. Rb5 Bd3 31. Rb3 Bc4 32. Rbc3 cxd4 33. exd4 b5 34. axb5
Ra2 35. Qb1 Qf4 36. R3c2 Qxd4+ 37. Kh1 Ra1 38. Rxc4 dxc4 0-1

[Event "Indywidualne Mistrzostwa Polski Juniorow do lat 16 - Chlopcy"]
[Site "Szklarska Poreba"]
[Date "1899-12-30"]
[Round "9.8"]
[White "Warchol, Bartosz"]
[Black "Kulesza, Andrzej"]
[Result "1/2-1/2"]
[WhiteTitle "I++"]
[BlackTitle "I+"]
[WhiteElo "2033"]
[BlackElo "1913"]

1. d4 Nf6 2. c4 e6 3. Nf3 b6 4. a3 Ba6 5. Qa4 c5 6. Bf4 Bb7 7. Nc3 a6 8. dxc5 bxc5
9. e3 Nh5 10. Bg5 Qb6 11. Qc2 h6 12. Bh4 g5 13. Bg3 Nxg3 14. hxg3 Bg7 15. g4 Nc6
16. Bd3 Ne5 17. Nxe5 Bxe5 18. Be4 Rb8 19. Rb1 Ke7 20. Bxb7 Qxb7 21. f3 Qb3 22.
Qxb3 Rxb3 23. Kd2 Rhb8 24. Kc2 Bxc3 25. bxc3 Rxb1 26. Rxb1 Rxb1 27. Kxb1 Kd6 28.
Kc2 Kc7 29. Kd3 Kb6 30. Kc2 Ka5 31. e4 f6 32. Kb3 Kb6 33. Kc2 Kc6 34. Kd3 a5 35.
a4 Kd6 36. Kd2 Ke7 37. Ke3 Kf7 38. Ke2 Kg6 39. Kf2 h5 40. gxh5+ Kxh5 41. g3 g4
42. f4 Kg6 43. Ke3 f5 44. exf5+ Kxf5 1/2-1/2

[Event "Indywidualne Mistrzostwa Polski Juniorow do lat 16 - Chlopcy"]
[Site "Szklarska Poreba"]
[Date "1899-12-30"]
[Round "9.9"]
[White "Oborski, Artur"]
[Black "Mike, Patryk"]
[Result "1/2-1/2"]
[WhiteTitle "I++"]
[BlackTitle "I+"]
[WhiteElo "2023"]
[BlackElo "1942"]

1. d4 Nf6 2. c4 e6 3. Nc3 Bb4 4. Qc2 d6 5. a3 Bxc3+ 6. Qxc3 Nbd7 7. Bg5 h6 8. Bh4
Qe7 9. e3 g5 10. Bg3 Ne4 11. Qc2 f5 12. Bd3 Ndf6 13. f3 Nxg3 14. hxg3 Bd7 15.
Ne2 O-O-O 16. O-O-O h5 17. Kb1 Ne8 18. Nc3 Ng7 19. f4 g4 20. e4 fxe4 21. Bxe4
Nf5 22. Bxf5 exf5 23. Qf2 Rde8 24. Rde1 Qf7 25. d5 b6 26. Rxe8+ Rxe8 27. Re1 c5
28. Re2 Rxe2 29. Qxe2 Qe8 30. Qxe8+ Bxe8 1/2-1/2

[Event "Indywidualne Mistrzostwa Polski Juniorow do lat 16 - Chlopcy"]
[Site "Szklarska Poreba"]
[Date "1899-12-30"]
[Round "9.10"]
[White "Niedbala, Bartlomiej"]
[Black "Kania, Dominik"]
[Result "1-0"]
[WhiteTitle "I++"]
[BlackTitle "I"]
[WhiteElo "2087"]
[BlackElo "1759"]

1. Nf3 d6 2. g3 e5 3. Bg2 g6 4. O-O Bg7 5. c4 Nc6 6. Nc3 Be6 7. d3 h6 8. Rb1 Qd7
9. Re1 f5 10. Nd2 Nf6 11. b4 O-O 12. b5 Nd8 13. a4 f4 14. Nde4 g5 15. a5 Rb8 16.
Nxf6+ Rxf6 17. Ne4 Rf8 18. Ra1 Bh3 19. Bh1 Ne6 20. Ba3 Bf6 21. Ra2 Be7 22. Bb2
Rf7 23. d4 exd4 24. Bxd4 Rbf8 25. Bxa7 fxg3 26. hxg3 Bf5 27. Be3 Bxe4 28. Bxe4
Nf4 29. Bxf4 gxf4 30. Bd5 fxg3 31. fxg3 Qh3 32. e3 Bg5 33. Rg2 Kh8 34. Bxf7 Rxf7
35. a6 bxa6 36. bxa6 c5 37. Qa1+ Kh7 38. a7 Qe6 39. a8=Q Bxe3+ 40. Rxe3 Qxe3+
41. Kh2 Rf5 42. Q8h8+ Kg6 43. Qag7+ Kh5 44. Qhxh6+ Qxh6 45. g4+ 1-0

[Event "Indywidualne Mistrzostwa Polski Juniorow do lat 16 - Chlopcy"]
[Site "Szklarska Poreba"]
[Date "1899-12-30"]
[Round "9.11"]
[White "Redzisz, Michal"]
[Black "Maciejewski, Kamil"]
[Result "1/2-1/2"]
[WhiteTitle "k"]
[BlackTitle "I"]
[WhiteElo "2117"]
[BlackElo "1930"]

1. e4 e5 2. Nf3 Nc6 3. Bb5 a6 4. Ba4 Nf6 5. O-O Be7 6. Re1 b5 7. Bb3 d6 8. c3 O-O
9. h3 Nb8 10. d3 Nbd7 11. Nbd2 Bb7 12. Nf1 Nc5 13. Bc2 Re8 14. Ng3 Bf8 15. Be3
Ncd7 16. a4 d5 17. Qe2 c5 18. axb5 axb5 19. d4 exd4 20. cxd4 dxe4 21. Qxb5 Bd5
22. Nd2 Rb8 23. Qa4 Ra8 24. Qb5 Rb8 25. Qa4 Rxb2 26. dxc5 Nxc5 27. Bxc5 Bxc5 28.
Ndxe4 Nxe4 29. Nxe4 Bxe4 30. Rxe4 Rf8 31. Rae1 Qb6 32. R1e2 Rb4 33. Rxb4 Qxb4
34. Qd7 Qd4 35. Qc6 g6 36. Qf3 Kg7 37. Bb3 Qa1+ 38. Kh2 Qf6 39. Qxf6+ Kxf6 40.
f3 Rb8 41. Ba2 Bd6+ 42. g3 Ke5 1/2-1/2

[Event "Indywidualne Mistrzostwa Polski Juniorow do lat 16 - Chlopcy"]
[Site "Szklarska Poreba"]
[Date "1899-12-30"]
[Round "9.12"]
[White "Panek, Bartosz"]
[Black "Dixa, Oskar"]
[Result "1/2-1/2"]
[WhiteTitle "I"]
[BlackTitle "k"]
[WhiteElo "1946"]
[BlackElo "2101"]

1. e4 c5 2. Nf3 d6 3. d4 cxd4 4. Nxd4 Nf6 5. Nc3 a6 6. Be2 e5 7. Nf3 Be7 8. Bg5
Nbd7 9. O-O h6 10. Bxf6 Nxf6 11. Nd2 O-O 12. Nc4 b5 13. Ne3 Be6 14. Ned5 Rc8 15.
Nxf6+ Bxf6 16. Rc1 Rc5 17. Qd3 Qc7 18. g3 Rd8 19. h4 Qc6 20. Rfd1 Rd7 21. Nd5
Bxd5 22. exd5 Qb7 23. c3 Rdc7 24. b4 e4 25. Qxe4 Re7 26. Qf3 Rxc3 27. Rxc3 Bxc3
28. Qxc3 Rxe2 29. Qc6 Qe7 30. a3 Re1+ 31. Rxe1 Qxe1+ 32. Kg2 Qe4+ 33. Kg1 Qe5
34. Kg2 Kf8 35. Qb7 g5 36. hxg5 hxg5 37. Qc6 Kg7 38. Qa8 Qe4+ 39. Kg1 Qd4 40.
Qc6 Qe5 41. Qa8 Qa1+ 42. Kg2 Qe5 43. Kg1 Kh7 44. Qc6 Kg6 45. Qc2+ f5 46. Qc6 Kh5
47. Qxa6 Qxd5 48. Qa7 Kg4 49. Qh7 Qe4 50. Qd7 Qd5 51. Qh7 Qe4 52. Qd7 Qd3 53.
Kg2 Qd5+ 54. Kg1 Kf3 55. Qh7 Qd1+ 56. Kh2 Qc2 57. Qb7+ 1/2-1/2

[Event "Indywidualne Mistrzostwa Polski Juniorow do lat 16 - Chlopcy"]
[Site "Szklarska Poreba"]
[Date "1899-12-30"]
[Round "9.13"]
[White "Dalkowski, Rafal"]
[Black "Strzelecki, Maciej"]
[Result "0-1"]
[WhiteTitle "II"]
[BlackTitle "k"]
[WhiteElo "1607"]
[BlackElo "2032"]

1. d4 Nf6 2. c4 e6 3. Nf3 b6 4. g3 Ba6 5. Qc2 Bb7 6. Bg2 c5 7. d5 exd5 8. Nh4 Nc6
9. cxd5 Nb4 10. Qd2 Bxd5 11. Bxd5 Nbxd5 12. Nf5 g6 13. Nh6 Qe7 14. O-O Bxh6 15.
Qxh6 O-O-O 16. Nc3 Qe5 17. Nxd5 Nxd5 18. a4 a5 19. Re1 Nb4 20. Bd2 Nc2 21. Bc3
Qh5 22. Qd2 Nxa1 23. Bxh8 Rxh8 24. Rxa1 Qe5 25. Qd3 Kc7 26. Rd1 d5 27. Qf3 Qe6
28. Rxd5 Re8 29. Rd2 Rd8 30. Rxd8 Kxd8 31. b3 c4 32. Qa8+ Kc7 33. bxc4 Qxc4 34.
Qe8 Qc1+ 35. Kg2 Qc6+ 36. Qxc6+ Kxc6 37. Kf3 Kc5 38. e4 b5 39. Ke3 bxa4 40. Kd3
a3 41. Kc3 a2 42. Kb2 Kd4 43. f3 Ke3 0-1

[Event "Indywidualne Mistrzostwa Polski Juniorow do lat 16 - Chlopcy"]
[Site "Szklarska Poreba"]
[Date "1899-12-30"]
[Round "9.14"]
[White "Bachor, Tomasz"]
[Black "Czechowski, Jakub"]
[Result "1-0"]
[WhiteTitle "I+"]
[BlackTitle "I"]
[WhiteElo "2010"]
[BlackElo "1865"]

1. d4 Nf6 2. c4 g6 3. Nc3 d5 4. Bg5 c6 5. Rc1 Be6 6. Bxf6 exf6 7. cxd5 cxd5 8.
e3 Nc6 9. Nge2 Bd6 10. g3 g5 11. Bg2 Ne7 12. Qb3 Qd7 13. O-O Kf8 14. Nxd5 Kg7
15. Nec3 h5 16. e4 h4 17. Qb5 Nc6 18. Nxf6 Kxf6 19. e5+ Kg6 20. exd6 Nxd4 21.
Qd3+ f5 22. Qxd4 hxg3 23. fxg3 Qh7 24. h3 Rac8 25. Nd5 Bxd5 26. Qxd5 1-0

[Event "Indywidualne Mistrzostwa Polski Juniorow do lat 16 - Chlopcy"]
[Site "Szklarska Poreba"]
[Date "1899-12-30"]
[Round "9.15"]
[White "Kopec, Norbert"]
[Black "Golecki, Jan"]
[Result "0-1"]
[WhiteTitle "I"]
[BlackTitle "I++"]
[WhiteElo "1826"]
[BlackElo "1995"]

1. e4 c5 2. Nf3 e6 3. d4 cxd4 4. Nxd4 Nc6 5. g3 Nf6 6. Bg2 Qb6 7. Nb3 Be7 8. O-O
O-O 9. Bf4 d5 10. exd5 exd5 11. c3 Bf5 12. N1d2 a5 13. Nf3 Be4 14. Be3 Qc7 15.
Re1 Ne8 16. Nc5 Rd8 17. Qa4 Bg6 18. Rad1 b6 19. Nb3 Be4 20. Nbd4 Na7 21. Bf1 Nd6
22. Ng5 Bg6 23. Nh3 Nc4 24. Bc1 Bf6 25. b3 Bxd4 26. bxc4 Bxc3 27. Ba3 Bxe1 28.
Rxe1 dxc4 29. Bxf8 b5 30. Qa3 Rxf8 31. Re7 Qb6 32. Nf4 b4 33. Qf3 Nc6 34. Nd5
Qd4 35. Re1 Ne5 36. Ne7+ Kh8 37. Qd1 Qxd1 38. Rxd1 c3 39. f4 c2 40. Rc1 Nf3+ 41.
Kf2 Be4 42. Ke3 a4 43. Bc4 f5 44. Nxf5 Bxf5 45. Kxf3 Rd8 0-1

[Event "Indywidualne Mistrzostwa Polski Juniorow do lat 16 - Chlopcy"]
[Site "Szklarska Poreba"]
[Date "1899-12-30"]
[Round "9.16"]
[White "Gorkiewicz, Mateusz"]
[Black "Lichorad, Mateusz"]
[Result "1-0"]
[WhiteTitle "I"]
[BlackTitle "I"]
[WhiteElo "1990"]
[BlackElo "1752"]

1. e4 c5 2. Nf3 e6 3. d4 cxd4 4. Nxd4 Nc6 5. Nc3 Qc7 6. Be3 a6 7. Bd3 Nf6 8. O-O
Be7 9. Kh1 d6 10. f4 Nxd4 11. Bxd4 e5 12. Be3 Be6 13. Qf3 O-O 14. f5 Bd7 15. g4
Bc6 16. g5 Ne8 17. Qh5 Qd7 18. Rf3 Kh8 19. Raf1 Rg8 20. Qxh7+ 1-0

[Event "Indywidualne Mistrzostwa Polski Juniorow do lat 16 - Chlopcy"]
[Site "Szklarska Poreba"]
[Date "1899-12-30"]
[Round "9.17"]
[White "Cisek, Kamil"]
[Black "Zabron, Maksym"]
[Result "1/2-1/2"]
[WhiteTitle "I"]
[BlackTitle "I"]
[WhiteElo "1766"]
[BlackElo "1678"]

1. d4 Nf6 2. c4 g6 3. Nf3 Bg7 4. g3 O-O 5. Bg2 d6 6. O-O c5 7. Nc3 cxd4 8. Nxd4
Nc6 9. e3 Bd7 10. b3 Qc8 11. Bb2 Bh3 12. Nd5 Nxd5 13. cxd5 Bxg2 14. Kxg2 Nxd4
15. Bxd4 Bxd4 16. Qxd4 Qc5 17. Qxc5 dxc5 18. Rac1 Rac8 19. Rc2 Rc7 20. e4 Rfc8
21. Rfc1 Kf8 22. Kf3 Ke8 23. Ke3 Kd7 24. e5 f6 25. f4 b6 26. Rd1 fxe5 27. fxe5
Rf8 28. d6 Rc6 29. dxe7+ Kxe7 30. Rcd2 Rc7 31. g4 Rb7 32. Rd6 Rc7 33. h3 Rb7 34.
h4 Rc7 35. h5 gxh5 36. gxh5 Rf7 37. h6 Rf5 38. Ke4 Rg5 39. e6 Kf6 40. Rf1+ Ke7
41. Rfd1 Kf6 42. Rd7 Rc6 43. Rxh7 Rxe6+ 44. Kf4 Rf5+ 45. Kg4 Rg5+ 46. Kf4 Rf5+
47. Ke4 Ke5+ 1/2-1/2

[Event "Indywidualne Mistrzostwa Polski Juniorow do lat 16 - Chlopcy"]
[Site "Szklarska Poreba"]
[Date "1899-12-30"]
[Round "9.18"]
[White "Chaczynski, Kamil"]
[Black "Musial, Tomasz"]
[Result "0-1"]
[WhiteTitle "I"]
[BlackTitle "k"]
[WhiteElo "1773"]
[BlackElo "1983"]

1. e4 e6 2. d4 d5 3. Nc3 Nf6 4. e5 Nfd7 5. f4 c5 6. Nf3 Nc6 7. Be3 Be7 8. Qd2 a6
9. Be2 b5 10. O-O Qb6 11. dxc5 Bxc5 12. Bf2 b4 13. Na4 Bxf2+ 14. Rxf2 Qc7 15.
Rc1 Nb6 16. Nxb6 Qxb6 17. Bd3 a5 18. Kh1 Ba6 19. Rcf1 O-O 20. Bxa6 Rxa6 21. Qd3
Ne7 22. g4 Ra7 23. f5 Qa6 24. fxe6 fxe6 25. Ng5 Ng6 26. Rxf8+ Nxf8 27. Qf3 Qc8
28. Qf2 Re7 29. Qh4 Qxc2 30. Nxh7 Qe4+ 31. Kg1 Ng6 32. Qh5 Nf4 33. Rxf4 Qxf4 34.
Ng5 Qc1+ 35. Kg2 Qxb2+ 36. Kh3 Qc3+ 37. Kg2 Qc2+ 38. Kg3 g6 39. Qh4 Qc3+ 40. Kg2
Qxe5 41. Nh7 Qb2+ 42. Kg3 Qc3+ 43. Kg2 Qc2+ 44. Kh3 Rxh7 0-1

[Event "Indywidualne Mistrzostwa Polski Juniorow do lat 16 - Chlopcy"]
[Site "Szklarska Poreba"]
[Date "1899-12-30"]
[Round "9.19"]
[White "Bojczewski, Mateusz"]
[Black "Ossolinski, Ziemowit"]
[Result "1/2-1/2"]
[WhiteTitle "I+"]
[BlackTitle "I+"]
[WhiteElo "1751"]
[BlackElo "1946"]

1. e4 c5 2. Nf3 e6 3. d4 cxd4 4. Nxd4 a6 5. Be3 Qc7 6. c4 Nf6 7. Nc3 Bb4 8. Qd3
Nc6 9. Nxc6 bxc6 10. f3 d5 11. a3 Bxc3+ 12. Qxc3 dxe4 13. fxe4 c5 14. Bg5 e5 15.
Bxf6 gxf6 16. Bd3 Rg8 17. g3 Ke7 18. O-O-O Be6 19. Rhf1 Rad8 20. Rf2 Rd4 21. b3
Rgd8 22. Bc2 Bg4 23. Rxd4 exd4 24. Qd2 Qe5 25. Bd3 Rb8 26. Kc2 Rb6 27. Qf4 Bd7
28. Qxe5+ fxe5 29. Be2 a5 30. a4 Rf6 31. Rxf6 Kxf6 32. h4 Kg6 33. g4 f6 34. Kd2
Kg7 35. Bf3 Bc6 36. Kd3 Bb7 1/2-1/2

[Event "Indywidualne Mistrzostwa Polski Juniorow do lat 16 - Chlopcy"]
[Site "Szklarska Poreba"]
[Date "1899-12-30"]
[Round "9.20"]
[White "Bujalski, Mateusz"]
[Black "Kucharski, Bartlomiej"]
[Result "0-1"]
[WhiteTitle "I"]
[BlackTitle "I+"]
[WhiteElo "1658"]
[BlackElo "1945"]

1. e4 e5 2. Nf3 d6 3. Bc4 Be7 4. c3 Nf6 5. d3 O-O 6. O-O c6 7. Bb3 Qc7 8. Re1 Nbd7
9. d4 b5 10. Bg5 h6 11. Bh4 c5 12. a4 b4 13. Nbd2 Rb8 14. Bg3 bxc3 15. bxc3 Ba6
16. dxe5 Nxe5 17. Nxe5 dxe5 18. Bc4 Bb7 19. Qc2 Nh5 20. Nf1 Bg5 21. Qe2 Nxg3 22.
Nxg3 g6 23. a5 Rfd8 24. Nf1 Ba8 25. Qg4 Kg7 26. h4 Bd2 27. Nxd2 Rxd2 28. Red1
Rbb2 29. Rxd2 Rxd2 30. Qf3 h5 31. Qe3 Rd8 32. Rb1 Qxa5 33. Rb5 Rd1+ 34. Kh2 Qd8
35. g3 f5 36. f3 f4 37. Qf2 Rd2 38. Be2 Qd3 39. Bxd3 Rxf2+ 40. Kg1 Rxf3 41. Bb1
Rxg3+ 42. Kf2 Rxc3 43. Rb8 Bc6 44. Rc8 Bb5 45. Rc7+ Kh6 46. Rxa7 Rb3 47. Ba2 Rb2+
0-1